Porovnanie základných štruktúrnych súvislostí medzi ekonomikami ČSFR a SRN so zreteľom na Slovensko.

Štruktúrne súvislosti vyjadriteľné prostredníctvom porovnateľných bilancií medziodvetvových vzťahov. Použité dva typy bilancií: 1. zostavený na princípe bilancie národného hospodárstva, 2. na princípe národných účtov. Postavenie materiálnej výroby vo výrobnom procese porovnávaných ekonomík. Štruktúr...

Descrizione completa

Salvato in:
Dettagli Bibliografici
Autore principale: Kárász, Pavol
Natura: Capitolo di libro
Lingua:slovacco
Soggetti:
Tags: Aggiungi Tag
Nessun Tag, puoi essere il primo ad aggiungerne!!

MARC

LEADER 00000naa a2200000 4500
001 r008281
005 20220831090049.7
041 0 |a slo 
044 |a [CS] 
245 1 0 |a Porovnanie základných štruktúrnych súvislostí medzi ekonomikami ČSFR a SRN so zreteľom na Slovensko.  |c P. Kárász 
520 |a Štruktúrne súvislosti vyjadriteľné prostredníctvom porovnateľných bilancií medziodvetvových vzťahov. Použité dva typy bilancií: 1. zostavený na princípe bilancie národného hospodárstva, 2. na princípe národných účtov. Postavenie materiálnej výroby vo výrobnom procese porovnávaných ekonomík. Štruktúra produkcie a pracovníkov. 
610 2 0 |a bilancia medziodvetvová 
610 2 0 |a štruktúra ekonomiky odvetvová 
610 2 0 |a ČSFR 
610 2 0 |a Nemecko 
610 2 0 |a Slovensko 
610 2 0 |a bilancia ekonomická 
610 2 0 |a účty národné 
610 2 0 |a výroba materiálna 
610 2 0 |a služby 
610 2 0 |a produkt domáci hrubý 
610 2 0 |a porovnanie štatistické medzinárodné 
610 2 0 |a 1975-1987 
100 1 |a Kárász, Pavol